Responses for Show #120 - Friday, February 22, 1985

Contestants

[<< previous game]

Michael Wing, a minister originally from Roseburg, Oregon

Trunetta Bradford, a graphic artist originally from Detroit, Michigan

Mark Ryder, a dentist from San Francisco, California (whose 1-day cash winnings total $8,000)

[next game >>]

Jeopardy! Round responses

BIRDS
THE HOME
PRESIDENTS
MOVIES
FOOD
3-LETTER WORDS
    $100 26
migrating

Tru
    $100 9
(Mark: What is a bath?)
...
(Alex: Cleaning up again, Michael.)
[Laughter]
(Alex: You're the garbage man.)

a shower

MarkMichael
    $100 2
(Mark: What is U.S. One?)

Air Force One

MarkMichael
    $100 1
(Mark: What is Star Wars?)

Carrie Fisher

MarkMichael
    $100 18
caviar

Michael
    $100 13
an ace

Michael
    $200 27
an ostrich

Michael
    $200 10
a lazy Susan

Mark
    $200 3
(Tru: As a bull. As a bull?)
(Alex: Be more specific.)
(Tru: What is strong as a bull? What is a bull?)

a bull moose

TruMichael
    $200 5
Diane Keaton

Mark
    $200 19
potatoes

Michael
    $200 14
a cap

Mark
    $300 28
(Mark: Uh, what are sparrows?)
...
(Alex: They 'em up there to attract symbols of good luck, [*].)
[The end-of-round signal sounds.]

storks

Mark
Triple Stumper
    $300 22
(Tru: [No response])

beds

TruMichael
    $300 4
Woodrow Wilson

Mark
    $300 6
Talia Shire

Michael
    $300 20
(Mark: What is, uh, smoke?)

roast

MarkMichael
    $300 15
an act

Mark
    $400 23
(Alex: We've got less than a minute to go in the round.)

a chaise longue

Michael
    $400 7
Andrew Jackson (Old Hickory)

Triple Stumper
    $400 11
John Wayne

Mark
    $400 21
(Michael: Uh, what is, uh, oh dear...)
(Tru: [Before ringing in] What is Mont...)
(Alex: Wait a minute... [Tru rings in] All right.)
(Tru: What is Monterey?)
(Alex: Be more sp...)
(Tru: What is Monterey cheese? [*].)
[Laughter]

Monterey Jack

TruMichael
    $400 16
(Mark: What is an ace?)

a fit

Mark
Triple Stumper
    $500 24
the spiral staircase

Michael
    $600 8
(Michael: Who is [*]?)
(Alex: Do you know the other one?)
(Michael: [**].)
(Alex: Hey, you knew them both...)
[Applause]

(1 of) Thomas Jefferson (or John Adams)

Michael
    $500 12
(Mark: Who is Alan Ladd?)
(Tru: [Says nothing])
...
(Alex: He was shot by Alan Ladd, Alan Ladd was playing Shane and [*] was the hired gun.)

Jack Palance

MarkTru
Triple Stumper
    $500 25
(Michael: Oh, dear, what is blue caviar?--I have no idea.)

breadfruit

MarkMichael
    $500 17
Bip

Mark

Scores at the first commercial break (after clue 10):

Mark Tru Michael
$400 -$200 $1,400

Scores at the end of the Jeopardy! Round:

Mark Tru Michael
$800 -$500 $2,600

Double Jeopardy! Round responses

U.S. CITIES
OPERA
AUTOMOBILES
SPORTS
DRAMA
FLAGS
    $200 1
Las Vegas

Michael
    $200 3
Italy

Mark
    $200 23
General Motors

Michael
    $200 8
Arnold Palmer

Mark
    $200 11
Oklahoma!

Mark
    $200 19
the Jolly Roger

Mark
    $400 2
Pittsburgh

Mark
    $400 4
(Alex: He doesn't want to be influenced by the interpretation of other singers.)

Luciano Pavarotti

Mark
    $400 24
(Tru: What is water?)

air

TruMichael
    $400 9
grass

Mark
    $400 12
a fan

Mark
    $400 20
(Mark: What is the...)
[Time's up]
(Mark: flag of [?])
...
(Alex: You didn't get it in in time, Mark.)

the Confederate flag

MarkMichael
    $600 16
(Tru: Greenboro. What is Greenboro?)

Charleston

MarkTru
    $1,800 5
[Mark moves with joy and acts like he is the performer.]
(Alex: We're into it, Mark, go ahead--any time.)
(Mark: [With confidence] Okay, uh, what is Carmen sung in [**]?)
(Alex: Sorry, you didn't remember...)
(Mark: What is [*] sung in [**]?)
(Alex: Ohhh, sorry, and you knew it, you knew it. If only--that--just a lack of paying attention for just a moment.)

Spain & French

Mark
    $600 25
[The end-of-round signal sounds.]

a Ford

Mark
    $600 10
Meadowlark Lemon

Tru
    $600 13
(Mark: What is a...)

exposition

Mark
Triple Stumper
    $800 17
(Michael: What is, uh, Wichita?)

Kansas City, Missouri

Michael
Triple Stumper
    $800 6
(Michael: Who is Leontyne Price?)

Marian Anderson

MarkMichael
    $800 21
(Alex: [Prior to the wager] We've got less than a minute to go in the round.)

the Minnesota Vikings

Michael
    $800 14
(Michael: [Laughs and shakes head])

tragedy

Michael
Triple Stumper
    $1000 18
Tillamook

Michael
    $1000 7
the recitative

Mark
    $1000 22
(Mark: What is featherweight?)
(Michael: What is flyweight?)
(Alex: Be more specific.)
(Michael: What is the flyweight division?)
(Alex: No.)
(Michael: What is junior?)
(Alex: I can accept the second one you gave me for clarification, but not the third.)

junior flyweight (light flyweight)

MarkMichael
Triple Stumper
    $1000 15
(Mark: Uh, who is... Sean O'Casey?)
...
(Alex: Think of the Borstal Boy, [*].)

Brendan Behan

Mark
Triple Stumper

Scores at the end of the Double Jeopardy! Round:

Mark Tru Michael
$1,400 -$900 $2,200

[wagering suggestions for these scores]

Final Jeopardy! Round responses

THE WORLD
MarkWhat is Luxembourg
$1,400
MichaelWhat is Switzerland?
$2,100
Switzerland

Final scores:

Mark Tru Michael
$0 -$900 $4,300
2nd place: Speed Queen washer & dryer & Andis Company hair appliances 3rd place: Alsy-Cycle II lamps New champion: $4,300

Game dynamics:

Coryat scores:

Mark Tru Michael
$3,200 -$900 $2,100
20 R,
12 W
(including 1 DD)
3 R,
5 W
20 R
(including 2 DDs),
6 W

Combined Coryat: $4,400

[game clues] [game scores] [suggest correction]

Game tape date: 1984-10-31
The J! Archive is created by fans, for fans. Scraping, republication, monetization, and malicious use prohibited; this site may use cookies and collect identifying information. See terms. The Jeopardy! game show and all elements thereof, including but not limited to copyright and trademark thereto, are the property of Jeopardy Productions, Inc. and are protected under law. This website is not affiliated with, sponsored by, or operated by Jeopardy Productions, Inc. Join the discussion at JBoard.tv.